| 000 -CABECERA |
| fixed length control field |
01981nam a22003257a 4500 |
| 003 - IDENTIFICADOR DEL NÚMERO DE CONTROL |
| control field |
AR-CdUCM |
| 008 - DATOS DE LONGITUD FIJA--INFORMACIÓN GENERAL |
| fixed length control field |
190515b ||||| |||| 00| 0 spa d |
| 040 ## - FUENTE DE LA CATALOGACIÓN |
| Agencia/entidad que catalogó originalmente la obra |
MUNICIPALIDAD PROVINCIAL DEL CUSCO |
| Entidad que transcribió la catalogación |
BIBLIOTECA MUNICIPAL DEL CUSCO |
| 082 ## - NÚMERO DE LA CLASIFICACIÓN DECIMAL DEWEY |
| No. de Clasificación |
CroniUrbana/N°13/2008 |
| 110 ## - ENTRADA PRINCIPAL--NOMBRE DE ENTIDAD CORPORATIVA |
| Nombre de la institución, jurisdicción como entrada principal |
Centro de Educación y Comunicación Guamán Poma de Ayala |
| 9 (RLIN) |
47233 |
| 245 ## - MENCIÓN DE TÍTULO |
| Título |
Crónicas Urbanas : |
| Resto del título |
análisis y perspectivas urbano regionales / |
| 260 ## - PUBLICACIÓN, DISTRIBUCIÓN, ETC. |
| Lugar de publicación, distribución, etc. |
Cusco : |
| Nombre de la editorial, distribuidor, etc. |
Centro Guamán Poma de Ayala, |
| Fecha de publicación, distribución, etc. |
2008. |
| 300 ## - DESCRIPCIÓN FÍSICA |
| Nº de Páginas Extensión |
135 páginas. : |
| Otros detalles físicos |
ilustraciones ; |
| Dimensiones |
30 cm. |
| 440 ## - MENCIÓN DE SERIE/PUNTO DE ACCESO ADICIONAL--TÍTULO |
| Título |
Revista Crónicas Urbanas. |
| Número de la parte/sección de una obra |
Añño XII, N°13, 2008 |
| 9 (RLIN) |
47237 |
| 505 ## - NOTA DE CONTENIDO CON FORMATO |
| Nota de contenido formateada |
Contenido: Los incas del Cusco y el espacio sagrado de la ciudad colonial. Gabriela Ramos. -- El siglo XVI en novelas y cuentos históricos peruanos contemporáneos. Concepción Reverte Bernal. -- Análisis de textos literarios sobre la violencia política del Perú 1980-2000. Carmen Saucedo. -- Testimonios de la comunidad de Huakullo violencia política de los años noventa. -- Desplazados por la violencia política en el Perú. 1980-2000. -- Decisiones radicales jóvenes urbanos y militancia en Sendero Luminoso 1989-1992. Dynnik Asencios. -- Mancomunidades en Bolivia, más allá de la jurisdicción municipal. Jorge Arias. -- Redes y desarrollo local. Samuel Machacuay. -- Asumir la política indígena en sus propios términos requiere un análisis mas allá de lo político. Marisol de la Cadena. |
| 650 ## - PUNTO DE ACCESO ADICIONAL DE MATERIA--TÉRMINO DE MATERIA |
| Descriptor |
Historia Urbana |
| 9 (RLIN) |
13611 |
| 650 ## - PUNTO DE ACCESO ADICIONAL DE MATERIA--TÉRMINO DE MATERIA |
| Descriptor |
Desarrollo Urbano |
| 9 (RLIN) |
14520 |
| 650 ## - PUNTO DE ACCESO ADICIONAL DE MATERIA--TÉRMINO DE MATERIA |
| Descriptor |
Política |
| 9 (RLIN) |
291 |
| 650 ## - PUNTO DE ACCESO ADICIONAL DE MATERIA--TÉRMINO DE MATERIA |
| Descriptor |
Historia del Cusco |
| 9 (RLIN) |
1714 |
| 650 ## - PUNTO DE ACCESO ADICIONAL DE MATERIA--TÉRMINO DE MATERIA |
| Descriptor |
Desarrollo económico |
| 9 (RLIN) |
1696 |
| 650 ## - PUNTO DE ACCESO ADICIONAL DE MATERIA--TÉRMINO DE MATERIA |
| Descriptor |
Política indígena |
| 9 (RLIN) |
47238 |
| 700 ## - PUNTO DE ACCESO ADICIONAL--NOMBRE DE PERSONA |
| Nombre Personal |
Ramos, Gabriela |
| 9 (RLIN) |
3201 |
| 700 ## - PUNTO DE ACCESO ADICIONAL--NOMBRE DE PERSONA |
| Nombre Personal |
Saucedo, Carmen |
| 9 (RLIN) |
47239 |
| 700 ## - PUNTO DE ACCESO ADICIONAL--NOMBRE DE PERSONA |
| Nombre Personal |
Arias, Jorge |
| 9 (RLIN) |
47240 |
| 700 ## - PUNTO DE ACCESO ADICIONAL--NOMBRE DE PERSONA |
| Nombre Personal |
Machacuay, Samuel |
| 9 (RLIN) |
47241 |
| 700 ## - PUNTO DE ACCESO ADICIONAL--NOMBRE DE PERSONA |
| Nombre Personal |
De la Cadena, Marisol de la Cadena |
| 9 (RLIN) |
47242 |
| 710 ## - PUNTO DE ACCESO ADICIONAL--NOMBRE DE ENTIDAD CORPORATIVA |
| Nombre corporativo (En letras Mayúsculas) |
Centro Guamán Poma de Ayala |
| 9 (RLIN) |
20511 |
| 942 ## - ELEMENTOS DE PUNTO DE ACCESO ADICIONAL (KOHA) |
| Fuente de clasificación |
|
| Tipo de item |
Revistas cusqueñas |
| 945 ## - PROCESAMIENTO DE INFORMACIÓN LOCAL (OCLC) |
| Catalogador |
vhl |